00678nam a2200181 i 450000100060000000300090000600500170001500700030003200800410003510000360007624501040011226000410021630000300025770000380028785200320032599900170035795201220037495793ES-MaACL20230906181755.0t|050606s1970 sp ||||1| spa d1 aMac Donald, Frederick J.97501910aPsicología de la educación / cFrederick J. Mac Donald; versión por Isaías Acarreta Arnedo. aAlcoy (Alicante) : bMarfil, c1970. a816 p. : bil. ; c21 cm.1 aAcarreta Arnedo, Isaías,918202 aES-MaACLjC-38867 bR.74474 c95793d95793 00104070aATENEOMbATENEOMcDEPO2d2008-01-17eSCl0oC-38867p1100024r2023-02-23 00:00:00w2023-02-23yMONOGRAFIA